Girona FC 2025/26 Squad - Statistics

General Stats
  • This quiz has been taken 9 times
  • The average score is 8 of 28
Answer Stats
Hint Answer % Correct
DM 🇧🇪 Axel Witsel
71%
GK 🇦🇷 Paulo Gazzaniga
71%
FW 🇺🇾 Cristhian Stuani
57%
CB 🇳🇱 Daley Blind
57%
GK 🇩🇪 Marc-André ter Stegen
57%
AM 🇫🇷 Thomas Lemar
57%
LW 🇪🇸 Joel Roca
43%
RW 🇺🇦 Viktor Tsygankov
43%
CB 🇧🇷 Vitor Reis
43%
RB 🇪🇸 Arnau Martínez
29%
CM 🇲🇦 Azzedine Ounahi
29%
LW 🇪🇸 Bryan Gil
29%
AM 🇦🇷 Claudio Echeverri
29%
CM 🇳🇱 Donny van de Beek
29%
FW 🇺🇦 Vladyslav Vanat
29%
FW 🇪🇸 Abel Ruiz
14%
LB 🇪🇸 Álex Moreno
14%
CB 🇪🇸 David López
14%
CM 🇪🇸 Fran Beltrán
14%
RB 🇪🇸 Hugo Rincón
14%
CM 🇪🇸 Iván Martín
14%
GK 🇪🇸 Juan Carlos
14%
CB 🇪🇸 Alejandro Francés
0%
GK 🇧🇬 Aleksandar Andreev
0%
CM 🇬🇳 Lass Kourouma
0%
RW 🇪🇸 Portu
0%
GK 🇪🇸 Rubén Blanco
0%
GK 🇺🇦 Vladyslav Krapyvtsov
0%
No matching quizzes found
Score Distribution
Percent of People with Each Score
Percentile by Number Answered
Your Score History
You have not taken this quiz